| 000 | 01080nam a22002657a 4500 | ||
|---|---|---|---|
| 005 | 20100906104624.0 | ||
| 008 | 100906t xxu||||| |||| 00| 0 hin d | ||
| 010 | _aHIN-90407 | ||
| 020 |
_a9788189924324 _c220.00 |
||
| 035 | _aHN-62753 | ||
| 037 | _bDBAD/PUN | ||
| 040 |
_aDPL _bHN |
||
| 082 | _a323.091724 | ||
| 100 |
_918464 _aसिंह, एम.एन. |
||
| 245 |
_aविकासशील देशों में मानवाधिकार / _cएम.एन.सिंह |
||
| 260 |
_aइलाहाबाद _bजयभारती प्रकाशन _c2009 |
||
| 270 |
_a267-बी, माया प्रेस रोड _bइलाहाबाद _e211003 |
||
| 300 |
_a240पृ. _c22सेमी (सजिल्द) |
||
| 650 | _91169 | ||
| 650 | _918465 | ||
| 700 | _918865 | ||
| 700 | _918866 | ||
| 942 |
_2ddc _cHN _h323.091724 _mसिंहए |
||
| 999 |
_c44723 _d44723 |
||